| 000 | 01105nam a22003737a 4500 | ||
|---|---|---|---|
| 001 | 1019103 | ||
| 003 | OSt | ||
| 005 | 20210426121617.0 | ||
| 008 | 880122s1987 orua b 001 0 eng | ||
| 010 | _a 88002215 | ||
| 020 | _a0881920487 : | ||
| 040 |
_aDLC _cDLC _dDLC _beng |
||
| 041 | _aeng | ||
| 043 | _aa-ja--- | ||
| 050 | 0 | 0 |
_aSB413.J34 _bV47 1988 |
| 080 |
_a58 _bV-41 |
||
| 082 | 0 | 0 |
_a635.9/77328 _219 |
| 100 | 1 | _aVertrees, J. D. | |
| 245 | 1 | 0 |
_aJapanese maples : _bmomiji and kaede = momiji to kaede / _c/ by: Timber Press |
| 250 | _a2nd edition | ||
| 260 |
_aPortland, Or. _bTimber Press _cc1987. |
||
| 300 |
_axiii, 188 p. _bcol.ill. _c29 cm. |
||
| 365 | _b40 usd | ||
| 500 | _aParallel title in Japanese characters. | ||
| 504 | _aIncludes bibliographical references (p. [181]-183) and index. | ||
| 650 | 0 | _aJapanese maple. | |
| 650 | 0 |
_aBotanics _9727 |
|
| 650 | 0 | _aFullmoon maple. | |
| 650 | 0 |
_aMaple _zJapan. |
|
| 653 | _aბოტანიკა | ||
| 906 |
_a7 _bcbc _corignew _d1 _eocip _f19 _gy-gencatlg |
||
| 942 |
_2udc _cBK _e2 |
||
| 999 |
_c1047 _d1047 |
||